Top 10 najdroższych transferów polaków w piłce nożnej - Statystyki

Ogólne statystyki
  • Ten quiz został rozwiązany 39 razy
    32 od ostatniego zresetowania
  • Średni wynik to 9 z 10
Statystyki odpowiedzi
Polski piłkarz Klub z którego odchodził Klub do którego dołączył Kwota w euro Rok transferu % Poprawnych
Robert Lewandowski Bayern Monachium FC Barcelona 45 mln 2022
100%
Grzegorz Krychowiak Stade Reims Sevilla FC 30 mln 2014
97%
Krzysztof Piątek Genoa AC Milan 35 mln 2019
97%
Arkadiusz Milik SSC Napoli Olimpique Marsylia 20 mln 2021
90%
Jakub Kiwior Spezia Calcio Arsenal FC 25 mln 2023
87%
Jakub Moder Lech Poznań Brighton 11 mln 2020
83%
Łukasz Fabiański Arsenal FC West Ham United 7,4 mln 2018
83%
Sebastian Szymański Dinamo Moskwa Fenerbache SK 19 mln 2023
80%
Jakub Kamiński Lech Poznań VFL Volfsburg 10 mln 2022
77%
Kacper Kozłowski Pogoń Szczecin Brighton 10 mln 2022
60%
Nie znaleziono quizów pasujących do podanych kryteriów
Rozkład punktacji
Procent ludzi z każdym wynikiem
Percentyl według liczby udzielonych odpowiedzi
Twoja historia wyników
Nie rozwiązałeś tego quizu od ostatniego zresetowania